Homenaje al Coronel Dr. Cosme de la Torriente y Peraza. (Record no. 80530)

MARC details
000 -LEADER
campo de control de longitud fija 00557nam a2200181 i 4500
001 - NÚMERO DE CONTROL
campo de control 80530
003 - IDENTIFICADOR DE NÚMERO DE CONTROL
campo de control ES-MaACL
005 - FECHA Y HORA DE LA ÚLTIMA TRANSACCIÓN
campo de control 20250928134702.0
007 - CAMPO FIJO DE DESCRIPCIÓN FÍSICA--INFORMACIÓN GENERAL
campo de control de longitud fija t|
008 - DATOS DE LONGITUD FIJA--INFORMACIÓN GENERAL
campo de control de longitud fija 041028s1951 cu ||||1| spa d
245 00 - MENCIÓN DEL TÍTULO
Título Homenaje al Coronel Dr. Cosme de la Torriente y Peraza.
260 ## - PUBLICACIÓN, DISTRIBUCIÓN, ETC.
Lugar de publicación, distribución, etc. La Habana :
Nombre del editor, distribuidor, etc. Academia de la Historia de Cuba,
Fecha de publicación, distribución, etc. 1951.
300 ## - DESCRIPCIÓN FÍSICA
Extensión 49 p. ;
Dimensiones 25 cm.
600 14 - PUNTO DE ACCESO ADICIONAL DE MATERIA--NOMBRE DE PERSONA
Nombre de persona Torriente, Cosme de la,
Fechas asociadas al nombre n. 1872
9 (RLIN) 111040
710 2# - ENTRADA AGREGADA--NOMBRE DE ENTIDAD CORPORATIVA
Nombre de entidad corporativa o nombre de jurisdicción como elemento de entrada Academia de la Historia de Cuba.
9 (RLIN) 1183
852 ## - LOCALIZACIÓN
Ubicación ES-MaACL
Número de control de estantería 1951-F-24
Sublocalización o colección R.33102
Holdings
Estatus retirado Estado de pérdida Estado de daño No para préstamo Colección Biblioteca de origen Biblioteca actual Ubicación en estantería Fecha de adquisición Fuente de adquisición Total de préstamos Signatura topográfica completa Código de barras Visto por última vez Precio de reemplazo Tipo de ítem Koha
        Colección de folletos Biblioteca del Ateneo de Madrid Biblioteca del Ateneo de Madrid Depósito folletos 17/01/2008     1951-F-24 1084195 23/02/2023 23/02/2023 Folleto